[Event "Bizkaia ch"]
[Site "Zornotza"]
[Date "2006.11.18"]
[Round "5.2"]
[White "Angulo Martinez, Jon"]
[Black "Prieto Aranguren, Alain"]
[Result "1/2-1/2"]
[WhiteElo "2101"]
[BlackElo "2105"]
[PlyCount "120"]
[EventDate "2006.10.21"]

1. e4 c6 2. d4 d5 3. Nc3 h6 4. Nf3 dxe4 5. Nxe4 Bf5 6. Ng3 Bh7 7. Bd3 Bxd3 8.
Qxd3 e6 9. Bd2 Nd7 10. O-O-O Qc7 11. Kb1 Ngf6 12. Ne4 Nxe4 13. Qxe4 Nf6 14. Qe2
O-O-O 15. c4 Bd6 16. g3 c5 17. Bc3 Rhe8 18. Rhe1 Re7 19. Nd2 Red7 20. Nb3 Ne8
21. Qf3 Bf8 22. Qe2 Qc6 23. Rd2 b6 24. Red1 Rc7 25. dxc5 Rxd2 26. Qxd2 Bxc5 27.
Nxc5 bxc5 28. Qd8+ Kb7 29. Qd3 Nf6 30. Bxf6 gxf6 31. a3 f5 32. Qe3 h5 33. Ka2
Qa6 34. Qb3+ Qb6 35. Qd3 Qa6 36. Rd2 Qc6 37. Qe2 Qe4 38. Qf1 Kc6 39. f3 Qe5 40.
Qd1 a6 41. Qa4+ Kb7 42. Rd8 Ka7 43. Rd7 f4 44. gxf4 Qxf4 45. Rd3 Qxh2 46. Rb3
Rb7 47. Rxb7+ Kxb7 48. Qb3+ Kc7 49. Qe3 Qd6 50. Qb3 Qf4 51. Qc3 Kb6 52. Qb3+
Ka7 53. Qa4 Qxf3 54. Qa5 Qc6 55. Qd8 Qb7 56. Qf8 Qc7 57. Qh6 Qe5 58. Qf8 f6 59.
Qe7+ Kb8 60. Qd8+ Kb7 1/2-1/2

[Event "Bizkaia ch"]
[Site "Zornotza"]
[Date "2006.11.18"]
[Round "5.3"]
[White "Alonso Alonso, Ivan"]
[Black "Torres Garcia, Koldo"]
[Result "1-0"]
[WhiteElo "2176"]
[BlackElo "1942"]
[PlyCount "77"]
[EventDate "2006.10.21"]

1. e4 c6 2. d3 d5 3. Nd2 e5 4. g3 Nf6 5. Bg2 dxe4 6. dxe4 Bc5 7. h3 O-O 8. Ngf3
Qc7 9. O-O b5 10. a4 a5 11. c4 Ba6 12. Qc2 Nbd7 13. b3 Rfc8 14. Bb2 Ne8 15. Bc3
Bb4 16. Rfd1 f6 17. Bxb4 axb4 18. cxb5 cxb5 19. Qxc7 Nxc7 20. axb5 Bxb5 21. h4
Rxa1 22. Rxa1 Ra8 23. Rc1 Ne6 24. Bh3 Ndc5 25. Bxe6+ Nxe6 26. Rc2 Rd8 27. Kg2
Kf7 28. Ra2 Bd3 29. Ra7+ Kg6 30. Rb7 f5 31. Rb6 fxe4 32. Rxe6+ Kh5 33. Rxe5+
Kg6 34. Nxe4 Bc2 35. Nfd2 Rd6 36. Rb5 Bxb3 37. Rxb4 Bd5 38. f3 h5 39. Kf2 1-0

[Event "Bizkaia ch"]
[Site "Zornotza"]
[Date "2006.11.18"]
[Round "5.4"]
[White "Guilarte Simon, Ricardo"]
[Black "Trigo Urquijo, Sergio"]
[Result "0-1"]
[WhiteElo "2150"]
[BlackElo "2101"]
[PlyCount "132"]
[EventDate "2006.10.21"]

1. e4 d6 2. d4 Nf6 3. Nc3 e5 4. Nf3 Nbd7 5. Bc4 Be7 6. Ng5 O-O 7. Bxf7+ Rxf7 8.
Ne6 Qe8 9. Nxc7 Qd8 10. Nxa8 b5 11. O-O Bb7 12. dxe5 dxe5 13. Be3 Nxe4 14. Nxb5
Bxa8 15. Nxa7 Bg5 16. Qe2 Qb8 17. Rfd1 Bxe3 18. Qxe3 Nec5 19. b4 Qxb4 20. Rab1
Qg4 21. Qg3 Qe6 22. Qg5 h6 23. Qh4 Kh7 24. Rb4 Qg6 25. Qg3 Qxc2 26. Rf1 Qxa2
27. Nb5 Qd2 28. Rbb1 Ne4 29. Qe3 Rxf2 30. Qxd2 Rxd2 31. Nc7 Bc6 32. Rf7 Nc3 33.
Re1 Rxg2+ 34. Kf1 Rg6 35. Rc1 Ne4 36. Rxc6 Rxc6 37. Rxd7 Nc5 38. Re7 Kg8 39.
Ke2 Kf8 40. Nd5 Re6 41. Rc7 Na6 42. Rb7 Rd6 43. Ne7 Nc5 44. Rc7 Na6 45. Ra7 Nb4
46. Nf5 Rg6 47. Ke3 Nc6 48. Rc7 Nd4 49. Ng3 Ne6 50. Ra7 Ng5 51. Nf5 Rf6 52.
Nxg7 Rf3+ 53. Ke2 Rh3 54. Nf5 Rxh2+ 55. Kf1 h5 56. Re7 e4 57. Re5 Kf7 58. Ng3
Kf6 59. Rf5+ Kg6 60. Re5 Rh4 61. Kf2 Rf4+ 62. Kg2 h4 63. Ne2 Rf3 64. Nd4 h3+
65. Kg1 Rd3 66. Ne2 Nf3+ 0-1

[Event "Bizkaia ch"]
[Site "Zornotza"]
[Date "2006.11.18"]
[Round "5.5"]
[White "Galarza Docampo, Karmel"]
[Black "Rodriguez Gonzalez, Alex"]
[Result "0-1"]
[WhiteElo "2123"]
[BlackElo "2024"]
[PlyCount "74"]
[EventDate "2006.10.21"]

1. d4 d6 2. c4 e5 3. Nf3 Bg4 4. dxe5 Nc6 5. e6 fxe6 6. e3 Nf6 7. Be2 Be7 8. O-O
Qd7 9. Nc3 O-O-O 10. e4 g5 11. Qa4 Bxf3 12. Bxf3 Nd4 13. Qxa7 Nxf3+ 14. gxf3
Qc6 15. Qa4 Qxa4 16. Nxa4 Nd7 17. f4 gxf4 18. Bxf4 Rdf8 19. Bg3 h5 20. f4 h4
21. Be1 Rhg8+ 22. Kh1 Rg4 23. Bd2 Nf6 24. Nc3 Nh5 25. Ne2 e5 26. fxe5 Rxf1+ 27.
Rxf1 Rxe4 28. exd6 Bxd6 29. Nc3 Rxc4 30. Rf5 Nf4 31. Bxf4 Bxf4 32. Ne2 Bd6 33.
Nc3 Rd4 34. Rf2 Rg4 35. Rg2 Rf4 36. Re2 h3 37. Re8+ Kd7 0-1

[Event "Bizkaia ch"]
[Site "Zornotza"]
[Date "2006.11.18"]
[Round "5.6"]
[White "Garitaonaindia Areitio, Iker"]
[Black "Diez Fraile, David"]
[Result "1/2-1/2"]
[WhiteElo "1964"]
[BlackElo "2142"]
[PlyCount "43"]
[EventDate "2006.10.21"]

1. e4 c6 2. Nc3 d5 3. d4 dxe4 4. Nxe4 Nd7 5. Nf3 Ngf6 6. Nxf6+ Nxf6 7. Bc4 Bf5
8. O-O e6 9. Bf4 Bd6 10. Bg3 Qc7 11. c3 Nd5 12. Re1 O-O-O 13. Bxd6 Rxd6 14. Bd3
Bg4 15. Be4 Kb8 16. Qc2 Bxf3 17. Bxf3 g5 18. Bxd5 Rxd5 19. Re3 h5 20. Rae1 c5
21. dxc5 Qxc5 22. Rd3 1/2-1/2

[Event "Bizkaia ch"]
[Site "Zornotza"]
[Date "2006.11.18"]
[Round "5.7"]
[White "Unzueta Romero, Jesus"]
[Black "Cuero Reid, Maximo Javier"]
[Result "1-0"]
[WhiteElo "1957"]
[BlackElo "1938"]
[PlyCount "67"]
[EventDate "2006.10.21"]

1. e4 Nc6 2. Nc3 e5 3. Nf3 Bc5 4. Bb5 Nf6 5. O-O O-O 6. d3 Nd4 7. Nxe5 d6 8.
Nf3 Bg4 9. Be3 Nxf3+ 10. gxf3 Bh3 11. Re1 Bxe3 12. fxe3 Nh5 13. Kh1 Qh4 14. Rg1
Kh8 15. Qe1 Qf6 16. Qf2 c6 17. Bc4 b5 18. Bb3 a5 19. a4 b4 20. Ne2 Be6 21. Bxe6
fxe6 22. f4 Qxb2 23. Nd4 e5 24. Ne6 exf4 25. exf4 Qf6 26. Nxf8 Rxf8 27. f5 Qe5
28. Qh4 Nf6 29. Rae1 Nd7 30. Rg6 Nc5 31. Reg1 Nd7 32. Rxg7 Nf6 33. Qh6 d5 34.
R1g6 1-0

[Event "Bizkaia ch"]
[Site "Zornotza"]
[Date "2006.11.25"]
[Round "6.1"]
[White "Galzagorri Uli, Yeray"]
[Black "Alonso Alonso, Ivan"]
[Result "1-0"]
[WhiteElo "2224"]
[BlackElo "2176"]
[PlyCount "81"]
[EventDate "2006.10.21"]

1. e4 c5 2. Nc3 a6 3. Nf3 b5 4. d4 cxd4 5. Nxd4 Bb7 6. Bd3 g6 7. a4 Bg7 8. Be3
b4 9. Na2 Nf6 10. f3 a5 11. c3 bxc3 12. Nxc3 Nc6 13. O-O O-O 14. Nxc6 Bxc6 15.
Nb5 Ne8 16. Qc2 Rb8 17. Rac1 Bxb5 18. axb5 Nd6 19. Qb3 Nb7 20. Rfd1 d6 21. Bc4
e6 22. b6 Qe7 23. Qb5 h6 24. Bf1 Rfc8 25. b3 Rxc1 26. Rxc1 Nc5 27. Qxa5 Qb7 28.
Rb1 Qxb6 29. Qxb6 Rxb6 30. b4 Rb7 31. b5 Kf8 32. Rd1 Ke7 33. Bf4 Rb6 34. Rd2
Bc3 35. Ra2 Bd4+ 36. Kh1 g5 37. Bg3 Nb3 38. Bc4 Nc5 39. Ra7+ Rb7 40. b6 Kd8 41.
Bxd6 1-0

[Event "Bizkaia ch"]
[Site "Zornotza"]
[Date "2006.11.25"]
[Round "6.2"]
[White "Trigo Urquijo, Sergio"]
[Black "Angulo Martinez, Jon"]
[Result "1/2-1/2"]
[WhiteElo "2101"]
[BlackElo "2101"]
[PlyCount "24"]
[EventDate "2006.10.21"]

1. e4 e5 2. Nf3 Nf6 3. Nxe5 d6 4. Nf3 Nxe4 5. Qe2 Qe7 6. d3 Nf6 7. Bg5 Qxe2+ 8.
Bxe2 Be7 9. Nc3 Nbd7 10. O-O-O a6 11. Rhe1 O-O 12. h3 b5 1/2-1/2

[Event "Bizkaia ch"]
[Site "Zornotza"]
[Date "2006.11.25"]
[Round "6.4"]
[White "Torres Garcia, Koldo"]
[Black "Guilarte Simon, Ricardo"]
[Result "0-1"]
[WhiteElo "1942"]
[BlackElo "2150"]
[PlyCount "52"]
[EventDate "2006.10.21"]

1. e4 e5 2. Nc3 Bc5 3. Bc4 Nf6 4. f4 d6 5. Nf3 Nc6 6. h3 O-O 7. d3 Be6 8. f5
Bxc4 9. dxc4 Nh5 10. Bg5 f6 11. Bh4 Nf4 12. Qd2 Be3 13. Qd1 Nxg2+ 14. Ke2 Bh6
15. Nd5 Nd4+ 16. Nxd4 exd4 17. Nxf6+ Kh8 18. Nxh7 Qxh4 19. Nxf8 Qxe4+ 20. Kf2
Rxf8 21. Qg4 Rxf5+ 22. Kg1 Qe3+ 23. Kh2 Rf2 24. Rhf1 Nf4+ 25. Rxf2 Qxf2+ 26.
Kh1 Ne2 0-1

[Event "Bizkaia ch"]
[Site "Zornotza"]
[Date "2006.11.25"]
[Round "6.5"]
[White "Garitaonaindia Areitio, Iker"]
[Black "Rodriguez Gonzalez, Alex"]
[Result "0-1"]
[WhiteElo "1964"]
[BlackElo "2024"]
[PlyCount "86"]
[EventDate "2006.10.21"]

1. e4 d6 2. d4 Nf6 3. Nc3 g6 4. Nf3 c6 5. Be2 Bg7 6. O-O O-O 7. h3 Nbd7 8. Be3
Qc7 9. Qd2 b5 10. a3 Nb6 11. d5 a6 12. dxc6 Qxc6 13. Nd4 Qc7 14. f3 Nh5 15. Bf2
e5 16. Nb3 Nf4 17. Rad1 Rd8 18. Kh1 Bxh3 19. Rg1 Be6 20. Bf1 Qe7 21. g3 Nc4 22.
Bxc4 bxc4 23. gxf4 cxb3 24. cxb3 Bh6 25. Bg3 Bxb3 26. Rdf1 exf4 27. Bh2 Rac8
28. Nd5 Bxd5 29. Qxd5 Rc5 30. Qd3 Rdc8 31. Rg2 a5 32. Rd2 Rh5 33. Rfd1 Bf8 34.
Qa6 Qc7 35. Qd3 Qc5 36. Re2 Rb8 37. Qd2 Rb3 38. Qxf4 Qb5 39. Qd2 Rxf3 40. Rde1
Rfh3 41. Qd4 Qe5 42. Qd2 Bh6 43. Qc2 Bf4 0-1

[Event "Bizkaia ch"]
[Site "Zornotza"]
[Date "2006.11.25"]
[Round "6.7"]
[White "Diez Fraile, David"]
[Black "Cuero Reid, Maximo Javier"]
[Result "1-0"]
[WhiteElo "2142"]
[BlackElo "1938"]
[PlyCount "51"]
[EventDate "2006.10.21"]

1. c4 c6 2. Nc3 Nf6 3. Nf3 g6 4. d4 Bg7 5. g3 O-O 6. Bg2 Na6 7. O-O Nc7 8. h3
Rb8 9. d5 cxd5 10. cxd5 d6 11. Nd4 Bd7 12. Be3 e5 13. dxe6 fxe6 14. Qb3 Kh8 15.
Ndb5 Nxb5 16. Nxb5 Bxb5 17. Qxb5 b6 18. a4 Nd7 19. Rfd1 d5 20. Bf4 Rc8 21. Bxd5
exd5 22. Rxd5 Qe8 23. Rxd7 Rc5 24. Qd3 Bxb2 25. Rb1 Bg7 26. Rxa7 1-0